01294cam a2200301 45000010005000000030008000050050017000130080039000300200015000690350018000840400032001020410008001340820026001421000033001682450070002012500011002712600039002823000025003214900060003465040050004066500048004566500032005049420012005369990015005489520147005639520146007109520136008566403BD-RjUL20211208234234.014 r19731967enk b 001 0 eng a0471054518 a(BD-RjUL)6443 aDLCcDLCdDLCdBD-RjULbeng aeng00a300.724219bBAS 19731 aBartholomew, David J.92016710aStochastic models for social processes /c[by] D. J. Bartholomew. a2d ed. aLondon ;aNew York :bWiley,c1973 axi, 411 p. ;c24 cm.0 aWiley series in probability and mathematical statistics aIncludes Bibliographical reference and index. 0aSocial sciencesxMathematical models.96879 0aStochastic processes.97647 2ddccBK c6403d6403 00102ddc40708NFICaRUCLbRUCLcstackd1977-01-01eW. Heffer and Sons.g8.65l0o300.724 BAS 1973r2014-01-11 00:00:00tC-3w2014-01-11yBK 00102ddc40708NFICaRUCLbRUCLcstackd1977-04-15ew. heffer and songg8.66l0o300.724 BAS 1973r2014-01-13 00:00:00tC-2w2014-01-13yBK 00102ddc40708NFICaRUCLbRUCLcStackd1977-04-15eHeffers.g8.65l0o300.724 BAS 1973r2016-09-05 00:00:00tC-4w2016-09-05yBK